000 00518nam a2200217Ia 4500
003 OSt
005 20220928135315.0
006 a|||||r|||| 00| 0
007 ta
008 220927b |||||||| |||| 00| 0 eng d
024 _a966
037 _cTextual
040 _aSDCL
_cSDCL
_beng
041 _2eng
_aeng
082 _aO:gv19M, L6
100 _aDixit Bagirath
_9489608
245 0 _aSamikshalok
260 _c1996
942 _hO:gv19M, L6
_cTEXL
_2CC
999 _c804887
_d804887